Collins French conversation
Guardat en:
| Format: | Llibre |
|---|---|
| Idioma: | anglès |
| Publicat: |
HarperCollins
2006
|
| Etiquetes: |
Afegir etiqueta
Sense etiquetes, Sigues el primer a etiquetar aquest registre!
|
MARC
| LEADER | 00000nam a22000007a 4500 | ||
|---|---|---|---|
| 008 | 230823b |||||||| |||| 00| 0 eng d | ||
| 020 | |a 978000722974 | ||
| 245 | |a Collins French conversation |e ( Collins easy learning) 2.(Easy learning) |g xii, 308p. | ||
| 260 | |b HarperCollins |c 2006 |h Glasgow |i 691377 |l PC2121.C69 |m French language - Conversation and phrase books - English |m French language - Spoken French |m French language - Study and teaching | ||
| 942 | |a lcc |c BK |e AAR |f 23:8:23 | ||
| 952 | |0 0 |1 0 |2 lcc |4 0 |6 PC2121 C69 |7 0 |9 4417 |a HOL |b HOL |c LP |d 2023-08-23 |l 0 |o PC2121.C69 |p 2023-0341 |r 2023-08-23 00:00:00 |t 691377 |w 2023-08-23 |y BK | ||
| 999 | |c 2217 |d 2217 | ||